Domani è un altro giorno (Record n. 102035)

Dettagli MARC
000 -LEADER
fixed length control field 01254njm a2200313Ia 4500
001 - CONTROL NUMBER
control field E7752
003 - CONTROL NUMBER IDENTIFIER
control field IT-RoPAU
005 - DATE AND TIME OF LATEST TRANSACTION
control field 20220918181150.0
008 - FIXED-LENGTH DATA ELEMENTS--GENERAL INFORMATION
fixed length control field 131025s9999 xx 000 0 und d
040 ## - CATALOGING SOURCE
Original cataloging agency IT-RoPAU
040 ## - CATALOGING SOURCE
Transcribing agency IT-RoPAU
041 ## - LANGUAGE CODE
Language code of text/sound track or separate title ITALIANO
999 ## - SYSTEM CONTROL NUMBERS (KOHA)
Koha Dewey Subclass [OBSOLETE] n.d.
100 ## - MAIN ENTRY--PERSONAL NAME
Personal name Ruggeri Enrico
9 (RLIN) 31990
100 ## - MAIN ENTRY--PERSONAL NAME
Relator term Autore musica
9 (RLIN) 31991
100 ## - MAIN ENTRY--PERSONAL NAME
Miscellaneous information Codice autore musica SPICS: 9765
9 (RLIN) 31992
245 ## - TITLE STATEMENT
Title Domani è un altro giorno
250 ## - EDITION STATEMENT
Edition statement 1a ed.
260 ## - PUBLICATION, DISTRIBUTION, ETC. (IMPRINT)
Place of publication, distribution, etc. COLOGNO MONZESE
260 ## - PUBLICATION, DISTRIBUTION, ETC. (IMPRINT)
Name of publisher, distributor, etc. RTI MUSIC
Date of publication, distribution, etc. 1997 [1a Ed.:1997 - Ed. Lingua Orig.: 1997]
300 ## - PHYSICAL DESCRIPTION
Extent COMPACT DISC
300 ## - PHYSICAL DESCRIPTION
Dimensions 48 minuti (Testo: pag.)
500 ## - GENERAL NOTE
General note Musica rock. Cantautore.
505 ## - FORMATTED CONTENTS NOTE
Formatted contents note Neve al sole - Volti perduti - Quando i vecchi si innamorano (Schiavone Luigi) - Il prestigiatore (Palermo ) - ...E Geppetto rimase di nuovo solo - Il mercato dell'usato (Schiavone Luigi) - Il mio cuore grande - Il fantasista - La poesia - Notte di calore - La gente di cuore.
650 ## - SUBJECT ADDED ENTRY--TOPICAL TERM
Topical term or geographic name as entry element ROCK [COMPACT DISC]
Relator term Codice MATERIA SPICS: 9949
9 (RLIN) 31993
700 ## - ADDED ENTRY--PERSONAL NAME
Personal name Ruggeri Enrico
Relator term Autore testo e musica
Miscellaneous information Codice autore testo/musica SPICS: 9765
9 (RLIN) 31994
700 ## - ADDED ENTRY--PERSONAL NAME
Personal name Ruggeri Enrico
Miscellaneous information Codice interprete SPICS: 9765
Relator term Interprete
9 (RLIN) 31995
942 ## - ADDED ENTRY ELEMENTS (KOHA)
Koha item type CD AUDIO
Source of classification or shelving scheme Dewey Decimal Classification
Dati di copia
Withdrawn status Lost status Damaged status Not for loan Home library Current library Date acquired Total Checkouts Full call number Date last seen Price effective from Koha item type Public note
    Buone Condizioni Not For Loan SPICS-MEDIATECA SPICS-MEDIATECA 25/10/2013   E7752 25/10/2013 25/10/2013 CD AUDIO Progr. Ins.: 2817 / N.Vol.: 1 / Copie: 1 - Copia rara: n.d. / date import: 01.01.2014 - By Epidotti, Trombetti, Vaglietti
CREDITS: SOCIETA' SAN PAOLO Via A.Severo, 58 - ROMA (RM) & PERIODICI SAN PAOLO SRL Via Giotto, 36 MILANO & CISF Via Giotto, 36 MILANO & EDIZIONI SAN PAOLO SRL,  Piazza Soncino, 5 CINISELLO BALSAMO (MI) -- ITALY